[Event "Sofia MTel Masters 4th"]
[Site "Sofia"]
[Date "2008.05.16"]
[Round "8"]
[White "Aronian, Levon"]
[Black "Radjabov, Teimour"]
[Result "0-1"]
[WhiteElo "2763"]
[BlackElo "2751"]
[Annotator "Krasenkow,M"]
[PlyCount "88"]
[EventDate "2008.05.08"]
[EventType "tourn"]
[EventRounds "10"]
[EventCountry "BUL"]
[EventCategory "20"]
[SourceTitle "CBM 124"]
[Source "ChessBase"]
[SourceDate "2008.05.28"]
[SourceVersion "1"]
[SourceVersionDate "2008.05.28"]
[SourceQuality "1"]

1. d4 Nf6 2. c4 g6 3. Nc3 Bg7 4. Nf3 O-O 5. e4 d6 6. Be2 e5 7. O-O Nc6 8. d5
Ne7 9. b4 Nh5 10. Re1 a5 {Quite an unpretentious reaction to the 9.b4 system,
which eventually gives White slightly better prospects.} 11. bxa5 Rxa5 12. Nd2
Nf4 13. Bf1 c5 14. a4 Ra6 15. Ra3 {A typical manoeuvre in the ...a7-a5 lines.
The rook is protecting White's kingside, and now he plans Nc3-b5 and then
g2-g3 pushing away the black f4 knight.} Nh5 {The knight retreats voluntarily
in order to take the defensive e8 square. The point is that White can hardly
break through on the queenside so Black must take measures aganst White's
kingside plans (g2-g3 and f2-f4 etc.)} (15... g5 {and}) (15... Kh8 {are the
main theoretical moves.}) 16. Nb5 Nf6 17. Bb2 Ne8 $146 {[%mdl 8]} (17... Nd7
$143 18. g3 f5 19. f4 $1 (19. exf5 gxf5 20. Bg2 Ng6 21. h4 e4 22. Bxg7 Kxg7 23.
f4 Nf6 24. Nf1 Ne7 25. Ne3 Neg8 26. Bh3 Nh6 $13 {1/2-1/2 Shirov,A-Bologan,V/
Tallinn 2000/CBM 074 ext (56)}) 19... g5 $6 (19... exf4 20. Bxg7 Kxg7 21. gxf4
fxe4 22. Nxe4 $36 {Xu Jun}) 20. fxg5 f4 21. Bh3 Nb6 22. Bxc8 Nexc8 23. a5 Nd7
24. Qg4 Rxa5 25. Rxa5 Qxa5 26. Bc3 Qd8 27. Ra1 $16 {1-0 Xu Jun-Magai,V/
Istanbul 2000/EXT 2001 (34)}) 18. Nf3 (18. g3 f5 19. f4 exf4 20. Bxg7 Nxg7 $1 {
- that's the idea behind 17...Ne8!}) 18... h6 (18... f5 $5 19. Ng5 fxe4 20.
Nxe4 Nf5 {[%csl Yd4]}) 19. g3 f5 20. exf5 Nxf5 21. Nd2 Nf6 22. Bd3 Rf7 {
Although the unnecessary 18...h6 has weakened Black's position, it remains
very solid. The impossibility for White to break through on the queenside is a
key factor.} 23. Bc2 Bd7 24. Qb1 Rf8 25. Rf3 h5 26. Ne4 Nxe4 27. Rxe4 Ra8 28.
Re1 Rc8 29. Bc1 Ra8 30. Bd2 b6 31. Be3 e4 $5 {Black takes an opportunity to
activate his bishop but it was quite good enough to wait.} 32. Rf4 $6 (32. Bxe4
$142 Rxa4 33. Qc2 Rb4 $13) 32... Nxe3 33. fxe3 Bh6 $6 {This enables an
exchange sac, for which White receives strong compensation.} (33... Qe7 $1 $15
34. Rxe4 Be5 {[%csl Re4]}) 34. Nxd6 $1 Bxf4 35. gxf4 $6 {Weakening White's own
king and giving Black good counter-attacking possibilities.} (35. exf4 $1 g5
36. fxg5 Qxg5 37. Nxe4 Qh6 38. d6 $13) 35... Qh4 (35... g5 $1 36. Nxe4 (36. Kh1
Bg4) 36... gxf4 37. exf4 Rxf4 38. Kh1 Bg4 39. Bd1 Bf5 $36) 36. Re2 $6 {An
obvious but unnecessary transfer of the rook.} (36. Nxe4 $142 Qg4+ (36... Bf5
37. Re2 $1) 37. Ng3 Bf5 (37... h4 $2 38. Bd1) (37... Bxa4 38. Bd3) 38. Kf2 $13)
36... Bg4 (36... Bh3 $1 $40) 37. Rg2 g5 38. f5 $2 (38. Nxe4 {was not late:}
gxf4 39. exf4 Rxf4 40. Rg3 $13 {[%cal Rb1b6]} Raf8 41. Bd3 Qe7 $5 (41... Rf3
42. Qxb6 Rxd3 43. Qg6+ $11) 42. Rg2 $1 {[%cal Rh2h3]} (42. h3 $2 Rf3) (42. Qxb6
$2 Qxe4 $1) 42... Rf3 43. Be2 R3f4 44. Bd3 $11) 38... Bxf5 39. Rg3 $2 {Losing
instantly.} (39. Bxe4 $142 Bh3 (39... Bxe4 $5 40. Nxe4 Ra7 41. Rxg5+ Rg7 $17)
40. Nf5 $1 Bxg2 $1 ({but not} 40... Rxf5 41. Bxf5 Bxg2 42. Qxb6 $1 Qe1+ 43.
Kxg2 Qe2+ 44. Kg1 Qxe3+ 45. Kg2 {and Black must give a perpetual}) 41. Nh6+ $1
(41. Nxh4 Rf1+ 42. Kxg2 Rxb1 43. Bxb1 gxh4 {and Black should win as he blocks
the white pawns.}) 41... Kg7 42. Qb2+ $1 Rf6 $8 43. Nf5+ Kf7 44. Nxh4 Bxe4 45.
Ng2 h4 $17 {- two black rooks are stronger than the white queen but the black
bishop is especially powerful.}) 39... Bh3 40. Bxe4 Rf1+ 41. Qxf1 Bxf1 42. Bf5
g4 43. Be6+ Kh7 44. Bf5+ Kh8 0-1

[Event "Sochi FIDE GP"]
[Site "Sochi"]
[Date "2008.08.01"]
[Round "2"]
[White "Jakovenko, Dmitrij"]
[Black "Radjabov, Teimour"]
[Result "1/2-1/2"]
[WhiteElo "2709"]
[BlackElo "2744"]
[Annotator "Krasenkow,M"]
[PlyCount "114"]
[EventDate "2008.07.31"]
[EventType "tourn"]
[EventRounds "13"]
[EventCountry "RUS"]
[EventCategory "19"]
[SourceTitle "CBM 126"]
[Source "ChessBase"]
[SourceDate "2008.10.01"]
[SourceVersion "1"]
[SourceVersionDate "2008.10.01"]
[SourceQuality "1"]

1. d4 Nf6 2. c4 g6 3. Nc3 Bg7 4. e4 d6 5. Nf3 O-O 6. Be2 e5 7. O-O Nc6 8. d5
Ne7 9. b4 Nh5 10. Re1 h6 11. Nd2 Nf4 12. Bf1 f5 {A rare line considered
slighly preferable for White.} 13. c5 {[%cal Yd2c4]} (13. g3 {is another option
}) 13... fxe4 (13... Kh8 14. cxd6 cxd6 15. Nc4 fxe4 16. Nxe4 Nexd5 17. Ncxd6
Bf5 18. Qb3 Qb6 19. Bc4 Rad8 20. Bxd5 Nxd5 21. Qxd5 Bxe4 22. Nf7+ Kh7 23. Qxe4
Rxf7 24. Be3 $14 {1-0 Giaccio,A-Celis,G/Santiago 1996/EXT 2001 (45)}) (13... g5
14. cxd6 cxd6 15. Nc4 g4 16. b5 Rf6 17. Qb3 Kh7 18. b6 a6 19. Ba3 Rg6 20. Rac1
h5 21. Qb4 Bf8 22. Qb1 h4 23. Ne3 $1 $16 {1-0 Sokolov,I-Van Wely,L/Netherlands
1995/CBM 048 (32)}) 14. Ndxe4 Nf5 {A typical idea. White controls the
e4-square but Black controls d4, which must be sufficient to hold his ground.}
15. g3 Nh5 16. Bg2 Nf6 (16... Nd4 17. Be3 (17. a4 Bf5 18. Nb5 Nf6 19. Nxf6+
Qxf6 20. Nxd4 exd4 21. Bb2 Bh3 22. f3 Bxg2 23. Kxg2 Qf5 24. Bxd4 Bxd4 25. Qxd4
Qxf3+ 26. Kg1 Qf6 $11 {1/2-1/2 Szuhanek,R-Martic,Z/Paks 2004/CBM 102 ext (70)})
17... Nf6 18. Nxf6+ Rxf6 19. f4 Nf5 20. fxe5 Rf8 21. Bf2 Bxe5 22. Rc1 Qf6 23.
Ne4 Qg7 24. Kh1 $14 {1-0 Epishin,V-Trisic,A/Bad Zwesten 1997/CBM 057 ext (35)})
17. a4 (17. Nxf6+ Qxf6 18. Ne4 Qe7 19. Bb2 a5 20. a3 axb4 21. axb4 Bd7 22. Qd3
$14 {1-0 Brglez,R-Groselj,P/Radenci 1998/EXT 1999 (36)}) 17... Nxe4 18. Nxe4
Nd4 (18... Rf7 $5) 19. Be3 Nf5 20. Rc1 $14 Rf7 21. Qd3 Qf8 22. Rc2 (22. b5 $5)
(22. a5 $5) 22... Nd4 23. Bxd4 exd4 24. h3 Bf5 (24... g5 $5) 25. Rce2 (25. g4
$5 {pushing the bishop from this important diagonal (although giving up the
f4-square).}) 25... g5 26. Qb5 $2 {An unnecessary expedition, after which
Black takes over the initiative. White should have played} (26. cxd6 cxd6 27.
Bf3 $1 $14 {[%cal Yf3g4]} Bxh3 $140 $2 28. Bh5 Rf5 29. Nd2 {[%cal Re2e8,Rg3g4]}
) 26... Re7 27. g4 (27. Qxb7 $2 d3) 27... Bh7 28. cxd6 (28. Qxb7 {was now
relatively better:} d3 29. Re3 Bd4 (29... Bxe4 30. Bxe4 d2 31. Rd1 Bd4 32. Bf5
Bxe3 33. fxe3 $44) 30. Rf3 Qb8 $1 31. Qxb8+ Rxb8 32. Rxd3 Rxb4 33. cxd6 cxd6
34. Rdd1 Bxe4 35. Rxe4 Rxe4 36. Bxe4 Rxa4 {and the endgame is superior for
Black despite the opposite-coloured bishops.}) 28... cxd6 29. Nd2 a6 30. Qc4
Rxe2 $6 (30... Rf7 $142 $1 31. Be4 {otherwise Black is clearly better due to
his bishop pair and a strong passed pawn} Bxe4 32. Rxe4 (32. Nxe4 Rc8 33. Qa2
Rf3 34. Kg2 d3 35. Rd2 Bd4 $19) 32... Rxf2 33. Rf1 Rxf1+ 34. Qxf1 Rc8 $19) 31.
Qxe2 d3 32. Qe3 Bc3 33. Rd1 Bxd2 34. Qxd2 Re8 35. Bf1 Qf3 36. Bg2 Qf7 (36...
Qf6 $142 37. Re1 (37. Bf1 Qd4) 37... Rxe1+ 38. Qxe1 Bg6 $1 $17 {Pay attention
to the last move - this bishop will protect his king from checks. However,
Black consequently ignores that possibility.}) 37. Re1 (37. Bf1 Qf3 (37... Qxd5
38. Bxd3 Bxd3 39. Qc3 $1) 38. Bg2 Qf6) 37... Rxe1+ (37... Bg6 $1 {was still
very strong}) (37... Rc8 $143 38. Bf1 Rc2 39. Qe3) 38. Qxe1 Qf4 $6 {Premature!}
(38... Bg6 $1 $17 {was still correct.}) 39. Qe8+ Kg7 40. Qe7+ Kh8 $2 {It was
not the best idea to leave the white queen in Black's camp.} (40... Qf7 $142 {
admitting and correcting his mistake} 41. Qe3 (41. Qxd6 d2 42. Qe5+ Qf6 43.
Qc7+ Kh8 $19) (41. Qxf7+ Kxf7 $19 {_|_}) 41... Qf6 42. Bf3 Bg6 $1 $17) 41. Bf1
d2 42. Be2 $132 Bg8 (42... Bg6 {is too late:} 43. Qxb7 Qd4 44. Bd1 Qa1 45. Qc8+
Kg7 46. Qc7+ Bf7 47. Qc2 Bxd5 48. b5 axb5 49. axb5 Qc1 50. b6 $11) 43. Bd1 b6 (
43... Bxd5 44. Bc2 Bg8 45. Kg2 {and Black can't make progress.}) 44. Qd8 b5 45.
axb5 axb5 46. Qc8 Kg7 47. Qc3+ Qe5 48. Qxe5+ dxe5 49. Kf1 Bxd5 50. Ke2 Kf6 51.
Kxd2 e4 52. Be2 Bc6 53. Ke3 Ke5 54. Bf1 Bd7 55. Be2 Bc6 56. Bf1 Bd7 57. Be2 Bc6
1/2-1/2

[Event "Sochi FIDE GP"]
[Site "Sochi"]
[Date "2008.08.12"]
[Round "11"]
[White "Ivanchuk, Vassily"]
[Black "Radjabov, Teimour"]
[Result "1/2-1/2"]
[WhiteElo "2781"]
[BlackElo "2744"]
[Annotator "Krasenkow,M"]
[PlyCount "74"]
[EventDate "2008.07.31"]
[EventType "tourn"]
[EventRounds "13"]
[EventCountry "RUS"]
[EventCategory "19"]
[SourceTitle "CBM 126"]
[Source "ChessBase"]
[SourceDate "2008.10.01"]
[SourceVersion "1"]
[SourceVersionDate "2008.10.01"]
[SourceQuality "1"]

1. d4 Nf6 2. c4 g6 3. Nc3 Bg7 4. Nf3 O-O 5. Bf4 d6 6. e3 c5 7. d5 Qb6 $5 {
An unusual but decent move.} (7... Qa5 {and}) (7... Na6 {are normally played.})
8. Rb1 (8. Qd2 Bf5 9. Rc1 a5 10. b3 a4 11. bxa4 Ne4 12. Nxe4 Bxe4 13. Ng5 Bf5
14. e4 Bd7 15. Bd3 Rxa4 $13 {1-0 Drozdovskij,Y-Alford,P/Dos Hermanas 2004/CBM
099 ext (30)}) (8. Qb3 Qxb3 9. axb3 Na6 10. e4 Nb4 11. O-O-O Ng4 12. Bg3 f5 13.
h3 fxe4 14. Nxe4 Nh6 15. Bd3 Nf5 16. Bh2 Bd7 17. Rhe1 b5 18. Nc3 Nxd3+ 19. Rxd3
bxc4 20. bxc4 Rab8 21. g4 Nd4 22. Nxd4 cxd4 23. Nd1 Bf6 24. b3 a5 $15 {1/2-1/2
Anastasian,A-Kruppa,Y/St Petersburg 1993/TD (43)}) 8... e5 $5 {As White can't
take on d6 now, his whole setup with Bf4 loses sense.} (8... Na6 9. a3 Nh5 10.
Bg5 Re8 11. Nd2 Nb8 12. Be2 Nf6 13. O-O Nbd7 14. Qc2 e6 15. e4 e5 16. b4 $16 {
1/2-1/2 Pytel,K-Cornelisse,J/La Fere 2007/CBM 119 ext (41)}) 9. Bg5 (9. dxe6
Bxe6 10. Qb3 (10. Qxd6 $6 Nc6 $36) 10... Qc6 11. Rd1 Rd8 12. Be2 h6 13. O-O Na6
14. Rd2 Nh5 15. Bg3 Nxg3 16. hxg3 Nc7 17. Rfd1 Rab8 $132 {0-1 Nikolic,
B-Vojinovic,G/Vrsac 2000/EXT 2001 (38)}) 9... Bf5 10. Bd3 Bxd3 11. Qxd3 Nbd7
12. Nd2 (12. e4 Nh5 {[%cal Yf7f5]}) 12... Rae8 13. a3 a6 14. f3 Qc7 15. Bh4 Nh5
$1 16. g4 e4 $1 {[%mdl 512] An excellent positional sacrifice based on a
tactical idea.} 17. fxe4 (17. Ncxe4 f5 $1 {the point!} 18. gxh5 fxe4 19. fxe4
Ne5 20. Qe2 $13 {may be better for White than the text as he has two extra
pawns here!}) 17... Bf6 $1 18. Bxf6 (18. Bf2 Bxc3 $1 19. bxc3 $8 Nhf6 20. h3 {
With two pairs of doubled pawns White's position is not too attractive.}) 18...
Nhxf6 19. Qe2 {Black has a strong e5-square but White's position is quite
solid and he eventually holds his ground. It is curious that doubled pawns
have a certain merit: they protect all the important squares beside (though
not in front of) them!} Ne5 20. h3 Qe7 21. Rg1 Nfd7 22. Kd1 Qh4 23. Kc2 Rb8 (
23... Qxh3 $2 24. Rh1 Qxg4 25. Qh2 {[%cal Rh2h7,Rb1g1]}) 24. Rh1 Kg7 25. a4 Rh8
26. Qg2 Qg5 27. Qg3 h5 28. Qf4 Qe7 29. g5 Rhf8 30. Rbf1 Qd8 31. Qg3 Qa5 32. Ra1
Qb4 33. a5 b5 34. axb6 Nxb6 35. Na2 Qa5 36. Nc3 Qb4 37. Na2 Qa5 1/2-1/2

[Event "Grand Slam Final 1st"]
[Site "Bilbao"]
[Date "2008.09.03"]
[Round "2"]
[White "Anand, Viswanathan"]
[Black "Radjabov, Teimour"]
[Result "1/2-1/2"]
[WhiteElo "2798"]
[BlackElo "2744"]
[Annotator "Rogozenco,D"]
[PlyCount "68"]
[EventDate "2008.09.02"]
[EventType "tourn"]
[EventRounds "10"]
[EventCountry "ESP"]
[EventCategory "21"]
[SourceTitle "CBM 126"]
[Source "ChessBase"]
[SourceDate "2008.10.01"]
[SourceVersion "1"]
[SourceVersionDate "2008.10.01"]
[SourceQuality "1"]

1. e4 c5 2. Nf3 Nc6 3. d4 cxd4 4. Nxd4 Nf6 5. Nc3 e5 6. Ndb5 d6 7. Bg5 a6 8.
Na3 b5 9. Nd5 Be7 10. Bxf6 Bxf6 11. c4 b4 12. Nc2 O-O {Usually Black protects
the pawn with 12...Rb8 or 12...a5. Although Radjabov's move has also been
played on the GM level, judging from Anand's reply it must have came as a
surprise to the Indian.} 13. Ncxb4 {This principled reply is not the strongest
continuation, since Black will regain the pawn and the simplification of the
position will lead to a quick draw.} ({Both} 13. g3) ({and} 13. Be2 {lead to
usual positions of the 11.c4-system. Black will have to protect Pb4 soon
anyway.}) 13... Nxb4 14. Nxb4 Qb6 15. Nd5 $146 {The best move under the
circumstances.} (15. Qd2 Rb8 16. Nd5 Qxb2 17. Qxb2 Rxb2 $15 {1/2-1/2 Torres
Samper,R (2119)-Nunez,A (2205)/Benidorm 2003 (35)}) (15. Nd3 $6 {doesn't keep
the extra pawn due to} Qd4 $17) 15... Qxb2 16. Bd3 ({After} 16. Nxf6+ gxf6 17.
Bd3 {Black has an important check} Qc3+ {with good play. For instance} 18. Ke2
Rb8 19. Rb1 Be6 $132) 16... Bd8 {As usual when Black manages to transfer the
dark-squared bishop to the queenside he has no problems at all.} 17. O-O Be6
18. Qb3 (18. Bc2 Bxd5 19. Qxd5 Bb6 20. Rab1 Qxc2 ({or} 20... Qd4 $11) 21. Rxb6
Rac8 $11) (18. Qa4 Bxd5 19. cxd5 Bb6 20. Rab1 (20. Qc6 $2 Bxf2+ $17 21. Rxf2 $2
Qxa1+ $19) 20... Qd4 21. Qxd4 Bxd4 $11) 18... Qxb3 19. axb3 Rb8 20. Rfb1 Bxd5
21. cxd5 a5 {Strictly speaking the game is over. The remaining moves can be
explained by the fact that in Bilbao players were not allowed to offer a draw.}
22. Ra4 Bb6 23. b4 (23. Rc1 Bc5 {brings White nowhere either.}) 23... axb4 24.
Raxb4 Ba7 25. Rxb8 (25. Rb7 Rxb7 26. Rxb7 Ra8 $11 {[%cal Ga7c5]}) 25... Rxb8
26. Rxb8+ Bxb8 27. Kf1 Kf8 28. Ke2 Ke7 29. g3 Ba7 30. h4 Bd4 31. Kf3 Ba7 32.
Ke2 Bd4 33. Kf3 Ba7 34. Ke2 Bd4 1/2-1/2

[Event "EU-Cup 24th"]
[Site "Kallithea"]
[Date "2008.10.18"]
[Round "2"]
[White "Parker, Jonathan"]
[Black "Radjabov, Teimour"]
[Result "0-1"]
[WhiteElo "2538"]
[BlackElo "2751"]
[PlyCount "64"]
[EventDate "2008.10.17"]
[EventType "team-swiss"]
[EventRounds "7"]
[EventCountry "GRE"]
[SourceTitle "CBM 127"]
[Source "ChessBase"]
[SourceDate "2008.11.13"]
[SourceVersion "1"]
[SourceVersionDate "2008.11.13"]
[SourceQuality "1"]
[WhiteTeam "Barbican"]
[BlackTeam "Ural Sverdlovskaya"]
[WhiteTeamCountry "ENG"]
[BlackTeamCountry "RUS"]

1. d4 Nf6 2. c4 g6 3. Nc3 Bg7 4. e4 d6 5. f4 c5 6. d5 O-O 7. Nf3 e6 8. Be2 exd5
9. cxd5 Bg4 10. O-O Bxf3 11. Bxf3 Nbd7 12. g4 Ne8 13. g5 Nc7 14. Bg4 Bd4+ 15.
Kh1 Qe7 16. Ne2 Bg7 17. Ng3 f6 18. h4 b5 19. Kg2 Rab8 20. e5 f5 21. Bf3 Nb6 22.
Re1 b4 23. Be3 Qd7 24. e6 Qb5 25. h5 Bxb2 26. hxg6 hxg6 27. Rh1 Bg7 28. Qg1
Nbxd5 29. Bxd5 Nxd5 30. Qh2 Nxe3+ 31. Kf3 Qb7+ 32. Kxe3 Bxa1 0-1

[Event "EU-Cup 24th"]
[Site "Kallithea"]
[Date "2008.10.22"]
[Round "6"]
[White "Radjabov, Teimour"]
[Black "Gashimov, Vugar"]
[Result "1/2-1/2"]
[WhiteElo "2751"]
[BlackElo "2704"]
[PlyCount "133"]
[EventDate "2008.10.17"]
[EventType "team-swiss"]
[EventRounds "7"]
[EventCountry "GRE"]
[SourceTitle "CBM 127"]
[Source "ChessBase"]
[SourceDate "2008.11.13"]
[SourceVersion "1"]
[SourceVersionDate "2008.11.13"]
[SourceQuality "1"]
[WhiteTeam "Ural Sverdlovskaya"]
[BlackTeam "Ashdod Illit "]
[WhiteTeamCountry "RUS"]
[BlackTeamCountry "ISR"]

1. d4 Nf6 2. c4 e6 3. Nc3 Bb4 4. g3 c5 5. Nf3 Nc6 6. Bg2 Ne4 7. Bd2 Bxc3 8.
bxc3 d6 9. O-O O-O 10. Be3 d5 11. Qc2 cxd4 12. Nxd4 Bd7 13. Rfd1 Qc8 14. Nb5
Nf6 15. Rab1 Ne7 16. Nd6 Qc6 17. Nxb7 Qxc4 18. Nc5 Rfb8 19. Bd4 Rb5 20. Rxb5
Qxb5 21. c4 Qc6 22. Bxf6 gxf6 23. Nxd7 Qxd7 24. cxd5 exd5 25. Qc5 Rd8 26. Bf3
Kg7 27. Kg2 a6 28. Rd3 Qd6 29. Qd4 Qe6 30. Re3 Qd6 31. Rd3 Qe6 32. Re3 Qd6 33.
Qg4+ Ng6 34. Rd3 Qe6 35. Rd4 Rd6 36. e3 h6 37. Rd2 Qxg4 38. Bxg4 Ne5 39. Be2
Rc6 40. h3 a5 41. Bd1 Rc5 42. g4 Nc4 43. Rd4 Nb6 44. Bb3 Kg6 45. Kg3 f5 46. Kf4
fxg4 47. hxg4 Kg7 48. Kg3 Kf6 49. Kf3 Rb5 50. Rf4+ Kg7 51. Kg3 Rc5 52. Kg2 Rb5
53. Kf3 Kf8 54. Rd4 Kg7 55. Kg3 Rc5 56. Kf4 Rb5 57. f3 Kf6 58. Kg3 Kg7 59. f4
Kg6 60. Kf3 Kf6 61. e4 dxe4+ 62. Kxe4 Ke7 63. Kd3 Rc5 64. Re4+ Kf6 65. Rd4 Ke7
66. Re4+ Kf6 67. Rd4 1/2-1/2

[Event "Cap d'Agde CCAS Gp-B"]
[Site "Cap d'Agde"]
[Date "2008.10.26"]
[Round "1"]
[White "Nakamura, Hikaru"]
[Black "Radjabov, Teimour"]
[Result "0-1"]
[WhiteElo "2704"]
[BlackElo "2751"]
[PlyCount "31"]
[EventDate "2008.10.26"]
[EventType "tourn (rapid)"]
[EventRounds "7"]
[EventCountry "FRA"]
[EventCategory "16"]
[SourceTitle "EXT 2009"]
[Source "ChessBase"]
[SourceDate "2008.11.26"]
[SourceVersion "1"]
[SourceVersionDate "2008.11.26"]
[SourceQuality "1"]

1. d4 Nf6 2. c4 g6 3. Nc3 Bg7 4. e4 d6 5. Nf3 O-O 6. Be2 e5 7. O-O Nc6 8. d5
Ne7 9. Ne1 Nd7 10. Be3 f5 11. f3 f4 12. Bf2 g5 13. a4 a5 14. Nd3 b6 15. Nb5 Nf6
16. Nc3 {..} 0-1

[Event "Cap d'Agde CCAS Trophee KO"]
[Site "Cap d'Agde"]
[Date "2008.10.29"]
[Round "1.2"]
[White "Ivanchuk, Vassily"]
[Black "Radjabov, Teimour"]
[Result "1/2-1/2"]
[WhiteElo "2786"]
[BlackElo "2751"]
[PlyCount "156"]
[EventDate "2008.10.29"]
[EventType "k.o. (rapid)"]
[EventRounds "3"]
[EventCountry "FRA"]
[SourceTitle "EXT 2009"]
[Source "ChessBase"]
[SourceDate "2008.11.26"]
[SourceVersion "1"]
[SourceVersionDate "2008.11.26"]
[SourceQuality "1"]

1. e4 c5 2. Nf3 Nc6 3. Bb5 e6 4. O-O Nge7 5. c3 a6 6. Be2 d5 7. exd5 Nxd5 8. d4
cxd4 9. Nxd4 Bd6 10. Nxc6 bxc6 11. c4 Ne7 12. Nc3 Qc7 13. f4 Bc5+ 14. Kh1 O-O
15. Ne4 Rd8 16. Nxc5 Rxd1 17. Rxd1 Ng6 18. Bg4 e5 19. f5 Ne7 20. Rf1 g6 21. Bg5
Bxf5 22. Bf3 e4 23. Nxe4 Bxe4 24. Bxe4 Qe5 25. Bxe7 Qxe4 26. Bf6 Qxc4 27. a3 h6
28. Rac1 Qb5 29. Rfe1 g5 30. h3 Kh7 31. Rc2 Kg6 32. Rf2 Qc5 33. Rf3 Qd5 34. Bc3
f5 35. Rfe3 Rg8 36. Re6+ Kh5 37. R6e5 Qd7 38. Rxf5 Re8 39. Ref1 Re6 40. Kg1
Qa7+ 41. R1f2 Re2 42. Rf7 Qc5 43. R7f5 Qa7 44. Kf1 Rxf2+ 45. Rxf2 Qe3 46. Rf3
Qc1+ 47. Kf2 Qc2+ 48. Kg3 Qe4 49. Rf6 g4 50. hxg4+ Qxg4+ 51. Kh2 Qh4+ 52. Kg1
Qe4 53. Rf3 Kg6 54. Rg3+ Kf5 55. Rh3 Kg6 56. Rf3 h5 57. Kf2 Qh4+ 58. Kg1 Qe4
59. Kh1 Qh4+ 60. Rh3 Qg4 61. Rd3 Qh4+ 62. Kg1 Qe4 63. Rd4 Qe3+ 64. Kh2 Qe5+ 65.
Kh1 Qe6 66. Ra4 Qe2 67. Rf4 Qd1+ 68. Kh2 Qd6 69. g3 Qd5 70. Kg1 Qc5+ 71. Kg2
Qd5+ 72. Kf2 Qc5+ 73. Rd4 Qf5+ 74. Ke3 Qe5+ 75. Kf2 Qf5+ 76. Rf4 Qc5+ 77. Kg2
Qd5+ 78. Kh2 Qb5 1/2-1/2